00701nam a2200217 a 45000010005000000030008000050050017000130080039000300350028000690400037000970410008001340820018001422450082001602600048002423000026002905040039003166500033003556500033003886510028004217000034004493052BD-RjUL20211208233651.0131218s1968 nyu b 001 0 eng a68-28804a(BD-RjUL)3086 aDLCcDLCdm.cdOCLdBD-RjULbeng aeng 2338.1954bDEV00aDeveloping rural India :bplan and practice /cby John W. Mellor [and others] aIthaca :bCornell University Press,cc1968. axxi, 411 p. ;c25 cm. aBibliography: p. 377-401 and index 0aAgriculture and statezIndia 0aCommunity developmentzIndia 0aIndiaxRural conditions1 aMellor, John Williams,d1928-